Los pendientes de la maestra: o cómo piensa una maestra en los niños, de las escuelas, las familias y la sociedad de hoy

Guardat en:
Dades bibliogràfiques
Autor principal: Díez Navarro, Mari Carmen (Autor)
Format: Llibre
Idioma:espanyol
Publicat: Barcelona Graó 2011
Col·lecció:Biblioteca de Infantil, 34
Matèries:
Etiquetes: Afegir etiqueta
Sense etiquetes, Sigues el primer a etiquetar aquest registre!

MARC

LEADER 00000cam a2200000 a 4500
001 UCF5410
003 CL-VaPUC
008 130307e20110700SP |||||||||||||||||spa|d
020 |a 9788499800929 
082 0 4 |a 370.15  |b DIE  |2 21 
100 0 |a Díez Navarro, Mari Carmen  |e author  |9 567271 
245 1 4 |a Los pendientes de la maestra: o cómo piensa una maestra en los niños, de las escuelas, las familias y la sociedad de hoy 
300 |a 187 p 
942 |c BK 
945 |d 20130307 00:00:00  |a dcastane 
260 |a Barcelona  |b Graó  |c 2011 
650 0 |a Psicología del aprendizaje  |9 306854 
650 0 |a Psicología educacional   |9 307830 
650 7 |a ORIENTACION PEDAGOGICA  |2 CL-VaPUC  |9 334838 
583 |a last modification  |c 20130307 11:37:00  |k Rodrigo Vera 
490 0 |a Biblioteca de Infantil, 34 
999 |c 350950  |d 350948 
952 |0 0  |1 0  |4 0  |6 370_150000000000000_DIE_2011  |7 0  |8 A  |9 454769  |a BIBEDU  |b BIBEDU  |d 2019-11-22  |i 4951344  |o 370.15 DIE 2011  |p 4951344  |r 2019-11-22  |w 2019-11-22  |y BK  |k PAR